Cities by tourist attractions (hard) - Statistics

General Stats
  • This quiz has been taken 1,019 times
  • The average score is 9 of 20
Answer Stats
Attraction Answer % Correct
Trafalgar Square London
97%
Saint Basil’s cathedral Moscow
83%
Senso-ji temple Tokyo
83%
Rijksmuseum Amsterdam
73%
Table mountain Cape Town
73%
Western wall Jerusalem
70%
Nyhavn Copenhagen
55%
Chhatrapati Shivaji Terminus railway station Mumbai
53%
East Side Gallery Berlin
47%
Ferrari World Abu Dhabi
34%
Plaza de España Seville
33%
Albert Park Formula One circuit Melbourne
28%
Parque Lage Rio de Janeiro
27%
KLCC park Kuala Lumpur
23%
Perchersk-Lavra Kiev
19%
Golden Pagoda Yangon
18%
Plaza Vieja Havana
12%
Sacsayhuamán Cusco
11%
Ali Ben Youssef Medersa Marrakech
9%
Alberta iela Riga
9%
No matching quizzes found
Score Distribution
Percent of People with Each Score
Percentile by Number Answered
Your Score History
You have not taken this quiz